Increase in new brownfield housing developments (Record no. 72790)

MARC details
000 -LEADER
fixed length control field 01294cam a2200253 4500
001 - CONTROL NUMBER
control field WB3920-09
008 - FIXED-LENGTH DATA ELEMENTS--GENERAL INFORMATION
fixed length control field 030529n2003 000 0 eng u
035 ## - SYSTEM CONTROL NUMBER
System control number (Sirsi) u122466
245 ## - TITLE STATEMENT
Title Increase in new brownfield housing developments
260 ## - PUBLICATION, DISTRIBUTION, ETC.
Date of publication, distribution, etc. 2003
490 ## - SERIES STATEMENT
Series statement ODPM News Release
Volume/sequential designation (2003/0099)29 May 2003 (2)
520 ## - SUMMARY, ETC.
Summary, etc. 64% of new dwellings including conversions were built on previously-developed land in 2002 in England according to a provisional estimate just released in "Land use change in England: residential development to 2002". This exceeds the government's 2008 national target of 60% and improves on 63% in 2001 and 61% in 2000. Other 2002 key figures include an average density of 27 new dwellings built per hectare and 56% of land changing to residential use was previously-developed. The statistical release is available at http://www.planning.odpm.gov.uk/lucs18/index.htm . http://www.odpm.gov.uk/pns/DisplayPN.cgi?pn_id=2003_0099
590 ## - LOCAL NOTE (RLIN)
Local note WB
650 ## - SUBJECT ADDED ENTRY--TOPICAL TERM
Topical term or geographic name entry element BROWNFIELD LAND
650 ## - SUBJECT ADDED ENTRY--TOPICAL TERM
Topical term or geographic name entry element GREEN BELT LAND
650 ## - SUBJECT ADDED ENTRY--TOPICAL TERM
Topical term or geographic name entry element LAND USE CHANGE
650 ## - SUBJECT ADDED ENTRY--TOPICAL TERM
Topical term or geographic name entry element LAND USE CHANGE STATISTICS
650 ## - SUBJECT ADDED ENTRY--TOPICAL TERM
Topical term or geographic name entry element RESIDENTIAL DEVELOPMENT
650 ## - SUBJECT ADDED ENTRY--TOPICAL TERM
Topical term or geographic name entry element GREEN BELT
650 ## - SUBJECT ADDED ENTRY--TOPICAL TERM
Topical term or geographic name entry element FLOOD RISK AREAS
650 ## - SUBJECT ADDED ENTRY--TOPICAL TERM
Topical term or geographic name entry element NEW DWELLINGS
690 ## - LOCAL SUBJECT ADDED ENTRY--TOPICAL TERM (OCLC, RLIN)
Topical term or geographic name as entry element HOUSING-DEVELOPMENT
942 ## - ADDED ENTRY ELEMENTS (KOHA)
Suppress in OPAC 0
Holdings
Withdrawn status Lost status Source of classification or shelving scheme Damaged status Not for loan Home library Current library Shelving location Date acquired Total Checkouts Full call number Barcode Date last seen Copy number Price effective from Koha item type
    Dewey Decimal Classification     London London News article 29/05/2003   WB3920-09 122466-1001 06/08/2019 1 06/08/2019 News article